[Event "Online Olym Div3 D 2020"]
[Site "chess.com INT"]
[Date "2020.07.09"]
[Round "7.1"]
[Board "1"]
[White "Ynojosa Aponte, Felix Jose"]
[Black "Bouzidi, Ahmed"]
[Result "1/2-1/2"]
[WhiteTitle "IM"]
[BlackTitle "CM"]
[WhiteElo "2393"]
[BlackElo "2150"]
[WhiteTeam "Venezuela"]
[BlackTeam "Tunisia"]
[WhiteFideId "3900258"]
[BlackFideId "5501733"]
[EventDate "2020.07.07"]
[EventType "team"]

1. c4 c5 2. Nf3 Nc6 3. d4 cxd4 4. Nxd4 g6 5. e4 Bg7 6. Be3 Nf6 7. Nc3 O-O 8. Be2
b6 9. O-O Bb7 10. Qd2 Rc8 11. f3 Qc7 12. Rac1 Qb8 13. Rfd1 Rfd8 14. Qe1 Nh5 15.
Nd5 Re8 16. g4 Nxd4 17. Bxd4 Bxd5 18. gxh5 Bxd4+ 19. Rxd4 Be6 20. Qg3 Rc5 21. f4
b5 22. b4 Rc6 23. c5 d6 24. f5 dxc5 25. fxe6 Qb6 26. exf7+ Kxf7 27. bxc5 Rxc5
28. hxg6+ hxg6 29. Qf2+ Kg7 30. Rf1 Rc2 31. Re1 Rf8 32. Qe3 Rd8 33. Rd3 Rxe2 34.
Rxe2 Rxd3 35. Qxb6 axb6 36. Rb2 Ra3 37. Rxb5 Rxa2 38. Rxb6 Re2 39. Rb4 Kf6 40.
h3 Kg5 41. Kf1 Ra2 42. Rb6 e5 43. Re6 Ra5 44. Kg2 Rb5 45. Kg3 Rb3+ 46. Kg2 Kf4
47. Rxg6 Rb2+ 48. Kg1 Kxe4 49. h4 Kf5 50. h5 Rb4 51. Kg2 Rh4 52. Rh6 Kg4 53. Rh8
Kf4 54. h6 e4 55. h7 Ke3 56. Kg3 Rh1 57. Kg4 Ke2 58. Re8 Rxh7 59. Rxe4+ Kd3 60.
Rf4 1/2-1/2

[Event "Online Olym Div3 D 2020"]
[Site "chess.com INT"]
[Date "2020.07.09"]
[Round "7.1"]
[Board "2"]
[White "Zaibi, Amir"]
[Black "Martinez Reyes, Pedro Ramon"]
[Result "0-1"]
[WhiteTitle "GM"]
[BlackTitle "FM"]
[WhiteElo "2383"]
[BlackElo "2422"]
[WhiteTeam "Tunisia"]
[BlackTeam "Venezuela"]
[WhiteFideId "5500796"]
[BlackFideId "3901807"]
[EventDate "2020.07.07"]
[EventType "team"]

1. c4 e6 2. Nf3 Nf6 3. d4 d5 4. g3 Be7 5. Bg2 O-O 6. O-O dxc4 7. Qc2 b6 8. Qxc4
Bb7 9. Nc3 Nbd7 10. Rd1 c5 11. Bg5 Rc8 12. Bxf6 Bxf6 13. d5 exd5 14. Nxd5 Bxd5
15. Rxd5 Qe7 16. Rad1 Nb8 17. b3 Rfd8 18. h4 Rxd5 19. Rxd5 Rd8 20. Ng5 Rxd5 21.
Bxd5 Bxg5 22. hxg5 Nd7 23. f4 Nf8 24. e4 Ne6 25. Qa6 g6 26. Kf2 Kg7 27. Qc8 Nc7
28. Qb8 Qd6 29. Kf3 Qd7 30. g4 Nxd5 31. Qe5+ f6 32. gxf6+ Nxf6 33. g5 Qd3+ 34.
Kg2 Qxe4+ 0-1

[Event "Online Olym Div3 D 2020"]
[Site "chess.com INT"]
[Date "2020.07.09"]
[Round "7.1"]
[Board "3"]
[White "Rovira Contreras, Tairu Manuela"]
[Black "Ayed, Ranim"]
[Result "1-0"]
[WhiteTitle "WIM"]
[WhiteElo "2058"]
[BlackElo "1406"]
[WhiteTeam "Venezuela"]
[BlackTeam "Tunisia"]
[WhiteFideId "3900533"]
[BlackFideId "5505283"]
[EventDate "2020.07.07"]
[EventType "team"]

1. d4 Nf6 2. c4 g6 3. Nc3 Bg7 4. e4 d6 5. f3 Nbd7 6. Be3 c5 7. d5 Nb6 8. Qd2 e6
9. a4 exd5 10. cxd5 O-O 11. h4 h5 12. Bg5 Nbd7 13. Nh3 Ne5 14. Nf2 Bd7 15. Be2
Rb8 16. f4 Neg4 17. Nxg4 Bxg4 18. e5 Bxe2 19. exf6 Bxf6 20. Nxe2 Bxg5 21. hxg5
Re8 22. O-O Qe7 23. Rae1 Qd7 24. Nc3 a6 25. Ne4 Rxe4 26. Rxe4 b5 27. a5 c4 28.
Rfe1 Qa7+ 29. Qd4 Qxd4+ 30. Rxd4 Kg7 31. Re7 Rc8 32. Ra7 b4 33. Rxa6 c3 34. bxc3
bxc3 35. Rc6 Ra8 36. a6 c2 37. Rdc4 c1=Q+ 38. Rxc1 1-0

[Event "Online Olym Div3 D 2020"]
[Site "chess.com INT"]
[Date "2020.07.09"]
[Round "7.1"]
[Board "4"]
[White "Hwass, Zaineb"]
[Black "Hernandez Bonilla, Amelia"]
[Result "0-1"]
[WhiteTitle "WCM"]
[BlackTitle "WFM"]
[WhiteElo "1408"]
[BlackElo "2016"]
[WhiteTeam "Tunisia"]
[BlackTeam "Venezuela"]
[WhiteFideId "5504643"]
[BlackFideId "3900193"]
[EventDate "2020.07.07"]
[EventType "team"]

1. d4 Nf6 2. Bf4 e6 3. e3 d5 4. c3 Bd6 5. Bxd6 Qxd6 6. Nf3 Nbd7 7. Nbd2 O-O 8.
Qc2 c5 9. Be2 b6 10. O-O Bb7 11. h3 Rfe8 12. Rfe1 Ne4 13. Nxe4 dxe4 14. Nd2 Nf6
15. Nc4 Qc7 16. Ne5 Red8 17. Bf1 cxd4 18. exd4 Rxd4 19. Qb3 Rd2 20. Nc4 Rd7 21.
Ne3 Rad8 22. Red1 Nd5 23. Nxd5 Rxd5 24. Rxd5 Rxd5 25. Rd1 Rxd1 26. Qxd1 h6 27.
Qd4 f6 28. Bc4 Kf7 29. Bb3 Ke7 30. Qc4 Qxc4 31. Bxc4 Bd5 32. Bxd5 exd5 33. Kf1
Kd6 34. Ke2 Kc5 35. b3 d4 36. cxd4+ Kxd4 37. Kd2 f5 38. g3 g5 39. a3 f4 40. gxf4
gxf4 41. a4 a5 42. h4 h5 43. Kc2 e3 44. f3 Kd5 45. Kd3 Kc5 46. Kc3 Kc6 47. Kd3
Kd5 48. Kc3 Kc5 49. Kd3 b5 50. axb5 Kxb5 51. Kc2 Kb4 52. Kd3 Kxb3 53. Ke2 a4 54.
Kd1 a3 55. Ke1 a2 56. Ke2 a1=Q 57. Kd3 Qc3+ 58. Ke2 Qd2+ 59. Kf1 Qf2# 0-1

[Event "Online Olym Div3 D 2020"]
[Site "chess.com INT"]
[Date "2020.07.09"]
[Round "7.1"]
[Board "5"]
[White "Salazar Olchowski, Gabriel Anton"]
[Black "Boulaares, Adam"]
[Result "0-1"]
[WhiteTitle "FM"]
[WhiteElo "2159"]
[BlackElo "1861"]
[WhiteTeam "Venezuela"]
[BlackTeam "Tunisia"]
[WhiteFideId "3920747"]
[BlackFideId "5508657"]
[EventDate "2020.07.07"]
[EventType "team"]

1. e4 c6 2. Nc3 d5 3. Nf3 Bg4 4. h3 Bxf3 5. gxf3 Nf6 6. d4 e6 7. Rg1 Qc7 8. Be3
a6 9. Qd3 g6 10. Bg5 Bg7 11. h4 h6 12. Be3 Qh2 13. Rg3 Nh5 14. Rg4 Nf6 15. Bf4
Qh1 16. Rg2 Qxh4 17. Bg3 Qh5 18. Rh2 dxe4 19. Nxe4 Qa5+ 20. b4 Qxb4+ 21. c3 Qe7
22. Nd6+ Kf8 23. Nc4 Qd8 24. Bh3 b5 25. Ne5 Ra7 26. Bxe6 fxe6 27. Nxg6+ Kg8 28.
Nxh8 Kxh8 29. Bf4 Ng8 30. Ke2 Nd7 31. Rg1 Qf6 32. Be3 Nf8 33. Qd2 Rf7 34. Rg3
Kh7 35. Rhg2 Ne7 36. Qd3+ Qf5 37. Qe4 Nd5 38. Bd2 Nf6 39. Qxf5+ exf5 40. Bf4 Nh5
41. Ke3 Nxg3 42. Rxg3 Ne6 43. Rg1 Re7 44. Bd6 Re8 45. Kd3 Rd8 46. Be7 Rd7 47.
Ba3 Nf4+ 48. Ke3 Nd5+ 49. Kd3 a5 50. Bc5 Nf4+ 51. Ke3 Ne6 52. Bb6 b4 53. Rc1
bxc3 54. Rxc3 c5 55. Ra3 cxd4+ 56. Kd2 Rd5 57. Bxa5 Bf8 58. Ra4 Nc5 59. Rc4 Nd7
60. Bc7 Bd6 61. Bxd6 Rxd6 62. a4 h5 63. f4 h4 64. a5 h3 65. Rc1 Kg7 66. Rh1 Rh6
67. a6 Rxa6 68. Rxh3 Ra2+ 69. Ke1 Nf6 70. Rd3 Ra4 71. Rg3+ Kf7 72. Rb3 Ne4 73.
Rb5 Kf6 74. Rb6+ Kg7 75. f3 Nf6 76. Rb5 Kg6 77. Rb6 d3 78. Kd2 Rd4 79. Rb1 Nd5
80. Rb5 Nxf4 81. Rb1 Nd5 82. Rg1+ Kf6 83. Rb1 Ke5 84. Re1+ Kf4 85. Rf1 Nf6 86.
Kc3 Rd8 87. Kd2 Nh5 88. Rh1 Ng3 89. Rh7 Kxf3 90. Rf7 f4 91. Rf6 Ne4+ 0-1

[Event "Online Olym Div3 D 2020"]
[Site "chess.com INT"]
[Date "2020.07.09"]
[Round "7.1"]
[Board "6"]
[White "Chihi, Malek"]
[Black "Alvarado Arcila, Marvia Josefina"]
[Result "1/2-1/2"]
[WhiteTitle "WCM"]
[BlackTitle "WFM"]
[WhiteElo "1664"]
[BlackElo "1967"]
[WhiteTeam "Tunisia"]
[BlackTeam "Venezuela"]
[WhiteFideId "5504430"]
[BlackFideId "3909034"]
[EventDate "2020.07.07"]
[EventType "team"]

1. e4 g6 2. d4 Bg7 3. Nf3 d6 4. Be2 Nf6 5. Nc3 O-O 6. Be3 c6 7. Qd2 Re8 8. O-O
b5 9. a3 a6 10. h3 Qc7 11. Nh2 Nbd7 12. f4 e5 13. Bf3 exd4 14. Bxd4 Bb7 15. Rad1
c5 16. Bxf6 Nxf6 17. Qxd6 Qxd6 18. Rxd6 Nxe4 19. Nxe4 Bxe4 20. Bxe4 Rxe4 21. c3
Re2 22. Rf2 Re1+ 23. Rf1 Re2 24. Rf2 Rxf2 25. Kxf2 b4 26. axb4 cxb4 27. cxb4
Bxb2 28. Ke2 Ba3 29. Rb6 a5 30. bxa5 Rxa5 31. Nf3 Ra4 32. g3 Bc5 33. Rb8+ Kg7
34. Rb2 Re4+ 35. Kf1 Re3 36. Kg2 Re7 37. Rc2 Ba7 38. Ra2 f6 39. Rc2 Kf7 40. g4
f5 41. Ng5+ Kg7 42. Rc7 Rxc7 43. Ne6+ Kf6 44. Nxc7 Bb8 45. Nd5+ Ke6 46. Nc3 Bxf4
47. Kf3 Bd2 48. gxf5+ gxf5 49. Ne2 Ke5 50. Ng3 h6 51. Nh5 Bg5 52. Ng3 Bh4 53.
Nf1 Be1 54. Ne3 h5 55. Ng2 Bd2 56. Nh4 Bg5 57. Ng2 h4 58. Ne1 Kd4 59. Ng2 Kd5
60. Ne1 Ke5 61. Nd3+ Kd5 62. Ne1 Bd8 63. Ng2 Ke5 64. Ne1 Ba5 65. Nd3+ Kd4 66.
Nf4 Be1 67. Ng2 Bg3 68. Nxh4 Bxh4 69. Kf4 1/2-1/2

[Event "Online Olym Div3 D 2020"]
[Site "chess.com INT"]
[Date "2020.07.09"]
[Round "7.2"]
[Board "1"]
[White "Zambrana, Oswaldo"]
[Black "Vasquez Schroeder, Rodrigo"]
[Result "0-1"]
[WhiteTitle "GM"]
[BlackTitle "GM"]
[WhiteElo "2438"]
[BlackElo "2441"]
[WhiteTeam "Bolivia"]
[BlackTeam "Chile"]
[WhiteFideId "3300200"]
[BlackFideId "3400042"]
[EventDate "2020.07.07"]
[EventType "team"]

1. e4 e6 2. d4 d5 3. Nd2 Nf6 4. e5 Nfd7 5. Bd3 c5 6. c3 Nc6 7. Ne2 cxd4 8. cxd4
Nb6 9. O-O Bd7 10. a3 a5 11. b3 a4 12. b4 Na7 13. Nf4 Bb5 14. Qe2 Qd7 15. Bb2 g6
16. Rac1 Bh6 17. Bxb5 Qxb5 18. Qg4 Qd7 19. Qh4 Bxf4 20. Qxf4 O-O 21. Rc5 Nc6 22.
h4 Qe7 23. b5 Na5 24. Bc3 f6 25. Bb4 Qd8 26. Rc3 Rf7 27. Rg3 Nac4 28. h5 fxe5
29. Qh6 Qh4 30. Nf3 Qf4 31. Ng5 Rg7 32. hxg6 Qf5 33. Nxh7 e4 34. Rg5 Qf4 35. Be7
Nd7 36. g3 Qd2 37. Kg2 Ne3+ 38. Kh3 Nf5 39. Qh5 Nxe7 40. Rg4 Nf5 41. Ng5 Nf6 0-1

[Event "Online Olym Div3 D 2020"]
[Site "chess.com INT"]
[Date "2020.07.09"]
[Round "7.2"]
[Board "2"]
[White "Valenzuela Fuentealba, Luis"]
[Black "Gemy, Jose Daniel"]
[Result "1-0"]
[WhiteTitle "IM"]
[BlackTitle "IM"]
[WhiteElo "2444"]
[BlackElo "2380"]
[WhiteTeam "Chile"]
[BlackTeam "Bolivia"]
[WhiteFideId "3401294"]
[BlackFideId "3301478"]
[EventDate "2020.07.07"]
[EventType "team"]

1. d4 Nf6 2. Nf3 e6 3. c4 b6 4. g3 Bb7 5. Bg2 Be7 6. O-O O-O 7. Nc3 Ne4 8. Bd2
d6 9. Rc1 Nd7 10. d5 Nxd2 11. Nxd2 e5 12. b4 a5 13. a3 f5 14. Nb3 axb4 15. axb4
Bf6 16. e4 f4 17. Ra1 Ba6 18. Qe2 Be7 19. Ra2 f3 20. Bxf3 Bxc4 21. Rxa8 Qxa8 22.
Qxc4 Rxf3 23. Qxc7 Qd8 24. Qxd8+ Bxd8 25. Rc1 Bg5 26. Rc2 Nf6 27. Kg2 Rd3 28.
Kf1 Rd4 29. Nxd4 exd4 30. Nb5 d3 31. Rc8+ Kf7 32. f4 Bh6 33. Rc7+ Kg6 34. Nxd6
Kh5 35. h3 g5 36. Rf7 gxf4 37. gxf4 Kg6 38. Rxf6+ Kxf6 39. e5+ Kg6 40. f5+ Kg5
41. Nf7+ Kxf5 42. Nxh6+ Kxe5 43. Ke1 Kxd5 44. Kd2 Kc4 45. Nf7 Kxb4 46. Kxd3 Kc5
47. Ng5 h6 48. Nf7 h5 49. Nh8 Kd5 50. Ng6 Ke6 51. Ke4 Kf6 52. Nf4 Kg5 53. Kf3
Kh4 54. Kg2 b5 55. Nd5 Kg5 56. Kg3 h4+ 57. Kf3 Kf5 58. Nb4 Kg5 59. Ke4 Kg6 60.
Kf4 Kf6 61. Kg4 Kg6 62. Kxh4 Kh6 63. Kg4 Kg6 64. Kf4 Kh5 65. Nd3 Kh4 66. Nf2 b4
67. Ke3 Kg3 68. Kd3 Kxf2 69. h4 b3 70. Kc3 Ke3 71. h5 1-0

[Event "Online Olym Div3 D 2020"]
[Site "chess.com INT"]
[Date "2020.07.09"]
[Round "7.2"]
[Board "3"]
[White "Cordero, Daniela"]
[Black "Abarca Gonzalez, Damaris"]
[Result "0-1"]
[WhiteTitle "WIM"]
[BlackTitle "WFM"]
[WhiteElo "2010"]
[BlackElo "2047"]
[WhiteTeam "Bolivia"]
[BlackTeam "Chile"]
[WhiteFideId "3301630"]
[BlackFideId "3409414"]
[EventDate "2020.07.07"]
[EventType "team"]

1. d4 d5 2. Nf3 c6 3. e3 Bf5 4. Bd3 Bxd3 5. Qxd3 Nf6 6. O-O e6 7. Nc3 Be7 8. e4
dxe4 9. Nxe4 Nxe4 10. Qxe4 Qd5 11. Qg4 Bf6 12. Bf4 h5 13. Qg3 h4 14. Qg4 h3 15.
g3 Nd7 16. Rfd1 O-O-O 17. b3 g5 18. Be3 Rdg8 19. c4 Qf5 20. Qxf5 exf5 21. Rab1
f4 22. Bc1 fxg3 23. fxg3 g4 24. Ne1 Re8 25. Kf1 Re4 26. Bb2 Rhe8 27. Rd2 Bg5 28.
Rc2 f5 29. Nd3 Re3 30. Ne5 Nxe5 31. dxe5 f4 32. Bc1 R3xe5 33. gxf4 Rf5 34. Rf2
Ref8 35. Be3 Bxf4 36. Bxf4 Rxf4 37. Rxf4 Rxf4+ 38. Ke2 Kd7 39. Rg1 Ke6 40. Ke3
Kf5 41. Ke2 Re4+ 42. Kd3 c5 43. Rf1+ Rf4 44. Rg1 Rf3+ 45. Ke2 Kf4 46. Rd1 Rc3
47. Rf1+ Ke4 48. Kd2 Rf3 49. Re1+ Kd4 50. Rg1 Rf2+ 51. Ke1 Rxh2 52. Rxg4+ Kc3
53. Kf1 Kb2 0-1

[Event "Online Olym Div3 D 2020"]
[Site "chess.com INT"]
[Date "2020.07.09"]
[Round "7.2"]
[Board "4"]
[White "Morales Flores, Monserrat"]
[Black "Estrada, Lucia"]
[Result "1/2-1/2"]
[WhiteTitle "WCM"]
[BlackTitle "WIM"]
[WhiteElo "1974"]
[BlackElo "1888"]
[WhiteTeam "Chile"]
[BlackTeam "Bolivia"]
[WhiteFideId "3412016"]
[BlackFideId "3301923"]
[EventDate "2020.07.07"]
[EventType "team"]

1. e4 e6 2. d4 d5 3. Nc3 dxe4 4. Nxe4 Nd7 5. Nf3 Ngf6 6. Ng3 Be7 7. Bd3 b6 8.
O-O Bb7 9. Re1 O-O 10. c3 c5 11. Ne4 Qc7 12. Bg5 Nd5 13. c4 Bxg5 14. cxd5 Bf4
15. dxe6 fxe6 16. Qb3 Bd5 17. Qc2 c4 18. Bf1 Qb7 19. Neg5 Nf6 20. Nxe6 Bxe6 21.
Rxe6 b5 22. a4 a6 23. axb5 axb5 24. Rae1 Rac8 25. Re7 Rc7 26. Rxc7 Qxc7 27. b3
Rc8 28. bxc4 bxc4 29. g3 Bd6 30. Rc1 Qb7 31. Bg2 Qb5 32. Rb1 Qa5 33. Nd2 c3 34.
Nb3 Qa7 35. h3 Kh8 36. Ra1 Qc7 37. Rc1 Bb4 38. d5 Qd6 39. Rd1 Re8 40. Rd4 Re1+
41. Kh2 Qe7 42. Bf3 Re5 43. Kg2 Qd6 44. Qd3 Re8 45. Nc1 Rc8 46. Qc2 Nd7 47. Nd3
Ba5 48. Rh4 h6 49. Nf4 Ne5 50. Be4 Kg8 51. Ne6 Rb8 52. Rg4 Rb7 53. Rf4 Rb8 54.
Bh7+ Kh8 55. Be4 Kg8 56. Bh7+ Kh8 57. Be4 Kg8 1/2-1/2

[Event "Online Olym Div3 D 2020"]
[Site "chess.com INT"]
[Date "2020.07.09"]
[Round "7.2"]
[Board "5"]
[White "Bolanos, Fernando"]
[Black "Castellanos Villela, Alejandro"]
[Result "0-1"]
[WhiteTitle "CM"]
[BlackTitle "CM"]
[WhiteElo "2287"]
[BlackElo "2202"]
[WhiteTeam "Bolivia"]
[BlackTeam "Chile"]
[WhiteFideId "3304094"]
[BlackFideId "3446379"]
[EventDate "2020.07.07"]
[EventType "team"]

1. e4 e5 2. Nf3 Nc6 3. Bb5 g6 4. O-O Bg7 5. c3 a6 6. Ba4 Nge7 7. d4 exd4 8. cxd4
b5 9. Bb3 Na5 10. Bc2 d6 11. Nc3 O-O 12. h3 c5 13. Bg5 h6 14. Bh4 g5 15. Bg3
Nec6 16. dxc5 dxc5 17. Bd6 Re8 18. Bxc5 Nc4 19. Qc1 Be6 20. Rd1 Qa5 21. Nd4 b4
22. Nb3 bxc3 23. Nxa5 cxb2 24. Nxc6 bxa1=Q 25. Qb1 Qxb1 0-1

[Event "Online Olym Div3 D 2020"]
[Site "chess.com INT"]
[Date "2020.07.09"]
[Round "7.2"]
[Board "6"]
[White "Gomez Barrera, Javiera Belen"]
[Black "Monroy G., Nataly A."]
[Result "1-0"]
[WhiteTitle "WIM"]
[BlackTitle "WIM"]
[WhiteElo "2083"]
[BlackElo "1957"]
[WhiteTeam "Chile"]
[BlackTeam "Bolivia"]
[WhiteFideId "3418723"]
[BlackFideId "3304019"]
[EventDate "2020.07.07"]
[EventType "team"]

1. e4 c5 2. Nf3 Nc6 3. Bb5 e6 4. O-O Nge7 5. d4 cxd4 6. Nxd4 a6 7. Be2 d5 8.
exd5 Qxd5 9. Be3 Nxd4 10. Bxd4 Nc6 11. Bc3 Qg5 12. Nd2 Bd7 13. Ne4 Qe7 14. Qd2
O-O-O 15. Rad1 e5 16. Qe3 Kb8 17. Qb6 Qe6 18. Bxa6 Bc8 19. Rxd8 Nxd8 20. Qxd8
bxa6 21. Nc5 Qd6 22. Bxe5 Qxe5 23. Nd7+ 1-0

[Event "Online Olym Div3 D 2020"]
[Site "chess.com INT"]
[Date "2020.07.09"]
[Round "7.3"]
[Board "1"]
[White "Diaz Hollemaert, Nahuel"]
[Black "Paiva, Donaldo"]
[Result "1-0"]
[WhiteTitle "IM"]
[BlackTitle "CM"]
[WhiteElo "2441"]
[BlackElo "2230"]
[WhiteTeam "Uruguay"]
[BlackTeam "Mozambique"]
[WhiteFideId "104019"]
[BlackFideId "14800098"]
[EventDate "2020.07.07"]
[EventType "team"]

1. Nf3 Nf6 2. c4 e6 3. b3 d5 4. Bb2 Be7 5. g3 O-O 6. Bg2 b6 7. O-O Bb7 8. e3 c5
9. Nc3 dxc4 10. bxc4 Nc6 11. Qe2 Rc8 12. Rfd1 Qc7 13. Rac1 Rfd8 14. d4 cxd4 15.
exd4 Na5 16. Nb5 Qb8 17. d5 a6 18. Be5 Qa8 19. Nc7 Qa7 20. Nxe6 fxe6 21. Ng5 Re8
22. Bb8 Ba3 23. Bxa7 Bxc1 24. Rxc1 exd5 25. Qd1 Nxc4 26. Qd4 h6 27. Nf3 Re6 28.
Bh3 1-0

[Event "Online Olym Div3 D 2020"]
[Site "chess.com INT"]
[Date "2020.07.09"]
[Round "7.3"]
[Board "2"]
[White "Napoleao, Lourenco"]
[Black "Michailov, Matias"]
[Result "1-0"]
[WhiteElo "1807"]
[BlackElo "2263"]
[WhiteTeam "Mozambique"]
[BlackTeam "Uruguay"]
[WhiteFideId "14801302"]
[BlackFideId "3001571"]
[EventDate "2020.07.07"]
[EventType "team"]

1. e4 c5 2. Nf3 d6 3. c3 Nf6 4. h3 Nbd7 5. Bd3 b6 6. Bc2 Bb7 7. d3 Qc7 8. Nbd2
Rc8 9. O-O g6 10. Re1 Bg7 11. Nf1 O-O 12. a4 a6 13. Ng3 Ne5 14. Nxe5 dxe5 15.
Be3 Rfd8 16. Qc1 Nd7 17. Bh6 Bf6 18. Nf1 Nf8 19. Ne3 Ne6 20. Ng4 Bh8 21. Be3 b5
22. axb5 axb5 23. Nh6+ Kf8 24. Ng4 Ra8 25. Bh6+ Kg8 26. Qe3 c4 27. dxc4 bxc4 28.
Qg3 Nf4 29. Bxf4 exf4 30. Qf3 Rd2 31. Rxa8+ Bxa8 32. Rc1 Qb8 33. Nh2 h5 34. Nf1
Rd8 35. Rb1 Qe5 36. Ra1 Bf6 37. Qe2 Qc5 38. Kh1 Bc6 39. Ba4 Rd3 40. Bxc6 Qxc6
41. f3 Qd7 42. e5 Bg7 43. Qe4 Qd5 44. Qxf4 Bxe5 45. Qg5 Rd1 46. Rxd1 Qxd1 47.
Qxe5 Qxf1+ 48. Kh2 e6 49. Qb8+ Kg7 50. Qe5+ Kf8 51. Qb5 h4 52. b4 Qe2 53. Qc5+
Kg7 54. Qd4+ e5 55. Qe4 f5 56. Qxh4 Qe3 57. Qe7+ Kh6 58. Qf8+ Kh7 59. Qf7+ Kh6
60. Qxc4 e4 61. fxe4 fxe4 62. Qf1 Qd2 63. Qf8+ Kh7 64. Qe7+ Kh6 65. Qh4+ Kg7 66.
Qxe4 Qxc3 67. Qf4 Qc6 68. Qe5+ Kf7 69. b5 Qb6 70. Qd5+ Kg7 71. Qc6 Qb8+ 72. Kh1
Qf4 73. Qd7+ Kh6 74. Qd3 Qc1+ 75. Kh2 Qf4+ 76. Qg3 Qd4 77. Qc7 g5 78. b6 g4 79.
b7 g3+ 80. Qxg3 1-0

[Event "Online Olym Div3 D 2020"]
[Site "chess.com INT"]
[Date "2020.07.09"]
[Round "7.3"]
[Board "3"]
[White "Silva Rosas, Natalia"]
[Black "Vilhete, Vania Fausto Da T."]
[Result "1-0"]
[WhiteTitle "WCM"]
[BlackTitle "WIM"]
[WhiteElo "1771"]
[BlackElo "1799"]
[WhiteTeam "Uruguay"]
[BlackTeam "Mozambique"]
[WhiteFideId "3000575"]
[BlackFideId "14800144"]
[EventDate "2020.07.07"]
[EventType "team"]

1. e4 c5 2. Nf3 d6 3. g3 Nf6 4. d3 e6 5. Bg2 Be7 6. O-O O-O 7. Re1 Nc6 8. c3 Qc7
9. Bg5 a6 10. Qe2 b5 11. Na3 Bb7 12. Nc2 Rac8 13. h4 Rfd8 14. Rad1 h6 15. Bc1
Qb6 16. Kh1 b4 17. Ne3 a5 18. Nh2 Ba6 19. f4 Na7 20. g4 Nd7 21. g5 hxg5 22. hxg5
Nb5 23. Bd2 bxc3 24. bxc3 Rb8 25. Rb1 Qc7 26. Qh5 Na3 27. Rxb8 Rxb8 28. c4 g6
29. Qh4 Rb2 30. Bc3 e5 31. Bxb2 Qb6 32. Bxa3 Bf8 33. Qf2 exf4 34. Qxf4 Ne5 35.
Nd5 Qd8 36. Nf6+ Kg7 37. Qh4 1-0

[Event "Online Olym Div3 D 2020"]
[Site "chess.com INT"]
[Date "2020.07.09"]
[Round "7.3"]
[Board "4"]
[White "Castro, Neusa Aridas De"]
[Black "Roepke, Sofia"]
[Result "0-1"]
[WhiteTitle "WCM"]
[WhiteElo "1512"]
[BlackElo "1589"]
[WhiteTeam "Mozambique"]
[BlackTeam "Uruguay"]
[WhiteFideId "14800250"]
[BlackFideId "3006360"]
[EventDate "2020.07.07"]
[EventType "team"]

1. e4 e5 2. Nf3 Nc6 3. Bc4 Nf6 4. Nc3 Bc5 5. d3 d6 6. h3 h6 7. a3 O-O 8. O-O Ne7
9. Bd2 a6 10. Ne2 Ng6 11. Ng3 c6 12. b4 Ba7 13. Nh2 Qe7 14. Qf3 Be6 15. Ba2 Nh4
16. Qe2 Nh7 17. Qh5 Qf6 18. Bxe6 fxe6 19. Be3 Ng6 20. Ng4 Qf7 21. Bxh6 Nf4 22.
Qxf7+ Rxf7 23. Bxf4 exf4 24. Ne2 f3 25. gxf3 Rxf3 26. Kg2 Raf8 27. Ng1 R3f4 28.
Rae1 Ng5 29. Re2 e5 30. Ne3 Ne6 31. c3 R4f6 32. Kh2 Nf4 33. Rd2 Ne6 34. Ng4 Rf4
35. Kg3 Ng5 36. h4 Nf3 37. Nxf3 Rxf3+ 38. Kg2 Kh7 39. Nh2 R3f6 40. Ng4 Rf4 41.
Kh3 g5 42. hxg5 Kg6 43. Kg3 Kxg5 44. d4 Rxg4+ 0-1

[Event "Online Olym Div3 D 2020"]
[Site "chess.com INT"]
[Date "2020.07.09"]
[Round "7.3"]
[Board "5"]
[White "Vazquez, Facundo"]
[Black "Farisse, Joao"]
[Result "0-1"]
[WhiteTitle "CM"]
[WhiteElo "2207"]
[BlackElo "1574"]
[WhiteTeam "Uruguay"]
[BlackTeam "Mozambique"]
[WhiteFideId "3007669"]
[BlackFideId "14800730"]
[EventDate "2020.07.07"]
[EventType "team"]

1. d4 Nf6 2. c4 e6 3. Nf3 d5 4. cxd5 exd5 5. Nc3 h6 6. Qc2 Bd6 7. g3 O-O 8. Bg2
Bg4 9. O-O Nc6 10. Rd1 Qd7 11. a3 a6 12. b4 Rfe8 13. Be3 Rac8 14. Rac1 Bh3 15.
Nh4 Bxg2 16. Nxg2 Ne7 17. Bf4 Ng6 18. Bxd6 Qxd6 19. Ne3 c6 20. Qf5 Ne7 21. Qf3
Qd7 22. Na4 Qh3 23. Nc5 Rb8 24. a4 Ng6 25. Qg2 Qh5 26. Rd2 Ne4 27. Nxe4 Rxe4 28.
Qf3 Qg5 29. Qf5 Qe7 30. Rb1 Rxe3 31. fxe3 Qxe3+ 32. Qf2 Qxd2 33. Rf1 Rf8 34. b5
cxb5 35. axb5 a5 36. Ra1 b6 37. h4 Qb2 38. Rf1 Qxb5 39. Qf3 Qd7 40. h5 Ne7 41.
g4 Nc6 42. e3 Qe7 43. Re1 Nxd4 44. Qxd5 Ne6 45. Rb1 Qc5 46. Qd3 Rd8 47. Qe2 a4
48. Rc1 0-1

[Event "Online Olym Div3 D 2020"]
[Site "chess.com INT"]
[Date "2020.07.09"]
[Round "7.3"]
[Board "6"]
[White "Efentakis, Theodora"]
[Black "Cardozo, Camila"]
[Result "0-1"]
[WhiteElo "1147"]
[BlackElo "1614"]
[WhiteTeam "Mozambique"]
[BlackTeam "Uruguay"]
[WhiteFideId "14801078"]
[BlackFideId "3004457"]
[EventDate "2020.07.07"]
[EventType "team"]

1. e4 e6 2. Nc3 d5 3. exd5 exd5 4. d4 Nf6 5. Nf3 Be7 6. Be2 Bf5 7. O-O c6 8. Bf4
O-O 9. Re1 Nbd7 10. Ne5 Nxe5 11. Bxe5 Ne4 12. Nxe4 dxe4 13. c3 Bg6 14. Bh5 Bf5
15. Bg4 Bg6 16. Qd2 f5 17. Be2 Bf7 18. Qf4 Be6 19. Qg3 Bf6 20. f4 Rf7 21. Red1
Bh4 22. Qe3 Qb6 23. b3 Rd8 24. Bh5 Rfd7 25. Be2 a5 26. Qh3 Be7 27. Qg3 Bf8 28.
Bh5 c5 29. Rab1 Qc6 30. Rbc1 a4 31. Rb1 axb3 32. axb3 b5 33. Rdc1 Qa6 34. Ra1
Qb6 35. Rab1 Ra7 36. Qf2 Ra3 37. Qc2 Rc8 38. Kh1 Be7 39. Rb2 Ra7 40. Qf2 Rd7 41.
Qg3 Bf8 42. dxc5 Qxc5 43. Bd4 Rxd4 44. Qe1 Rdd8 45. b4 Qb6 46. Rd2 g6 47. Be2
Rxd2 48. Qxd2 Rd8 49. Qe1 Bg7 50. h3 Rc8 51. Qd2 Qc7 52. Bxb5 Bxc3 53. Qe1 Bxe1
54. Rxc7 Rxc7 55. Ba6 e3 56. Be2 Bxb4 57. Kh2 Rc2 58. Bf3 e2 59. Bxe2 Rxe2 60.
h4 Bd2 61. h5 Bxf4+ 62. Kh3 g5 63. h6 g4+ 64. Kh4 Bxh6 65. g3 Rh2# 0-1